000 01202nab a22002417a 4500
999 _c5711
_d5711
003 OSt
005 20251230234425.0
008 190605e xxu||||| |||| 00| 0 spa d
040 _cPJ
100 _96639
_aDe Giano, Rubén
245 1 0 _aLey de Bases :
_bsu aplicación a relaciones de trabajo en curso y su constitucionalidad /
_cRubén De Giano.
260 _aCiudad Autónoma de Buenos Aires :
_bThomson Reuters La Ley,
_c2024.
300 _ap. 56-61
500 _aCita: TR LALEY AR/DOC/2108/2024
505 _a Sumario: I. Introducción.— II. ¿Es necesario revisitar el concepto de trabajo?— III. Vigencia y retroactividad de las leyes.— IV. La constitucionalidad de la Ley de Bases en relación con determinados efectos de las relaciones de trabajo.
505 _t¿Te interesa el texto completo? Solicitalo al correo: koha@justierradelfuego.gov.ar
650 0 _91316
_aDERECHO LABORAL
650 0 _91391
_aREFORMA LABORAL
650 0 _91803
_aRELACIONES LABORALES
650 0 _94597
_aCONSTITUCIONALIDAD
773 0 _02711
_93168
_dCiudad Autónoma de Buenos Aires : Thomson Reuters La Ley, 1999-2002.
_tRevista de derecho del trabajo. Nº 5 - Septiembre 2024
942 _2udc
_cANA